000 00846cam a2200229 a 4500
020 _a0340719206
082 0 0 _a620.112
_bCAS
_cN-01, P-89
100 1 _aCase, John,
_940726
245 1 0 _aStrength of materials and structures /
_cJohn Case, Lord Chilver of Cranfield, Carl T.F. Ross.
250 _a4th ed.
260 _aLondon ;
_aNew York :
_bArnold,
_c1999.
300 _axii, 706 p. :
_billus. ;
_c25 cm.
500 _aFirst ed. published in 1959 under title: Strength of materials.
526 _a0
_b0
_c0
_d620_112000000000000_CAS
650 0 _aNUST
_96342
650 0 _aStrength of materials.
_9563
700 1 _aChilver, Henry Chilver,
_940769
700 1 _aRoss, C. T. F.,
_99085
856 4 1 _uhttp://www.loc.gov/catdir/toc/els051/00265562.html
856 4 2 _uhttp://www.loc.gov/catdir/description/els031/00265562.html
942 _2ddc
_cBK
999 _c545013
_d545013